New language leader. intermediate : coursebook /
Guardado en:
| Autor Principal: | |
|---|---|
| Otros Autores: | , |
| Formato: | Libro |
| Publicado: |
London :
Pearson,
2014
|
| Series: | Always learning
|
| Materias: | |
| Etiquetas: |
Agregar Etiqueta
Sin Etiquetas, Sea el primero en etiquetar este registro!
|
| LEADER | 00663nam a22002295a 4500 | ||
|---|---|---|---|
| 001 | CEM.cems014671 | ||
| 005 | 20151211164223.0 | ||
| 008 | 130507s2014##################000#0#####d | ||
| 003 | CEMS | ||
| 020 | |a 9781447961499 | ||
| 082 | 0 | 4 | |a 428.64 |
| 100 | 1 | |a Cotton, David | |
| 245 | 1 | 0 | |a New language leader. intermediate : |b coursebook / |c David Cotton, David Falvey And Simon Kent |
| 260 | |a London : |b Pearson, |c 2014 | ||
| 300 | |a 176 p. | ||
| 490 | 0 | |a Always learning | |
| 653 | |a Inglés | ||
| 653 | |a Inglés-textos | ||
| 653 | |a Inglés-student's | ||
| 700 | 1 | |a Falvey, David | |
| 700 | 1 | |a Kent, Simon | |
| 859 | |a CEMS |b BIB. CEMS - 11 de abril |h 428.64 |i C829 |p 27268.15 |t Ej.1 | ||
